| 000 | 00987cam a22003017a 4500 | ||
|---|---|---|---|
| 003 | CHAP | ||
| 005 | 20220329140910.0 | ||
| 008 | 971013s1994 r 00010 d | ||
| 010 | _a59502 | ||
| 011 | _a60474 | ||
| 035 | _a64636 | ||
| 040 | _cCHAP | ||
| 082 |
_a581.634 _bP34Y 1985 |
||
| 100 | 0 | 0 |
_aPahlow, M. _984730 |
| 245 | 1 | 3 |
_aEl gran libro de las plantas medicinales _b: salud a través de las fuerzas curativas de la naturaleza |
| 260 |
_aMadrid : _bEverest, _c1994 |
||
| 300 |
_a465 p. _b: ilus. |
||
| 500 | _aTrad. de la 7 ed. en alemán de 1985 | ||
| 590 |
_aBATCH-UPD _b10 _c20130110 _lUCH01 _h0825 |
||
| 590 |
_aBATCH-UPD _b10 _c20130410 _lUCH01 _h0503 |
||
| 590 |
_aBATCH-UPD _b10 _c20130914 _lUCH01 _h0741 |
||
| 590 |
_aCONVERSION _b10 _c20130109 _lUCH01 _h1332 |
||
| 650 | 1 | 4 |
_aBotánica médica. _914680 |
| 650 | 1 | 4 |
_aPlantas venenosas. _989092 |
| 901 | _aBK | ||
| 942 | _cLIBRO | ||
| 949 |
_a581.634 P34Y 1985 _bBC _cC _d33724000582037 _eC _gI. 181144 _h6463 _i64636 _sb _t162.00 |
||
| 999 |
_c59502 _d59502 |
||